01008nam a2200241 a 4500001001000000005001700010008004100027041000800068044000800076050002100084100003600105245023600141250000600377260005400383300004600437500007700483500003200560500000700592505008700599650001300686650001300699651005400712BRCA_747920190320205842.0250413s1845----enkac#####---#000-0#eng-# aeng aenk 4aDA415b.C38 18451 aCattermole, Richardd1795?-185810aThe great civil war of Charles I. and the Parliamentcby Richard Cattermole ; engravings from drawings by George Cattermole and portraits of Charles I. and Oliver Cromwell, after Vandyke, under the superintendence of Charles Heath. a2 aLondresbLongman, Brown, Green and Longmansc1845 a2 v.bil., 28 láminas, retratosc23 cm. aDos ejemplares inventariados por el Banco de México como un solo libro aEdición de cantos dorados aR10 av.1 The Raising of the Standard.-- v.2 Being Heath´s picturesque annual for 1845.14aRetratos14aGrabados 4aGran BretañaxHistoriayGuerra civil, 1642-1649